LDR 00814naa#a2200205#i#450# 001 EN\\bibl\92870 005 20260514120429.4 011 ## _a2073-0462 100 ## _a20241226b2024####ek#y0engy0150####ca 101 0# _aRUS 102 ## _aRU 200 1# _aASSESSMENT OF THE SHOCK RESISTANCE OF THE ECONOMY OF AGRICULTURAL REGIONS TO EXTERNAL ECONOMIC TURBULENCE _eJournal article 210 1# _aKazan _cKazan state agrarian University _d2024 215 ## _a8 с. 608 ## _aJournal article _2local 675 ## _aРегиональная, территориальная экономическая политика, планирование и прогнозирование. 332.14 _zRUS 700 #1 _aSafiullin _gMarat Rashitovich 700 #1 _aBurganov _gRafis Timerhanovich 700 #1 _aMingulov _gAlmaz Minvazyhovich 856 4# _azh-szf.ru _u